| 000 | 00583nam a2200193Ia 4500 | ||
|---|---|---|---|
| 008 | 180910s9999 xx 000 0 und d | ||
| 100 | _aPoetry of Endearing Memories in Southville. | ||
| 245 | _aPoetry of Endearing Memories in Southville / | ||
| 245 | _cPoetry of Endearing Memories in Southville. | ||
| 260 | _bSouthville | ||
| 260 | _c2012 | ||
| 300 | _apages 1-160, March 2012 | ||
| 440 |
_aPoetry of Endearing Memories in Southville _vXIX.1 |
||
| 500 | _a2 copies. | ||
| 650 | _aArchival materials | ||
| 650 | _aPeriodicals. | ||
| 650 | _aPoetry. | ||
| 942 |
_2lcc _cSE |
||
| 999 |
_c358746 _d358746 |
||